000 00925cam a22002294a 4500
005 20250605164021.0
008 250528s ||||||||||||||||||||||||d
035 _a16332
020 _a340595485
040 _aGR-AtMCL
_bgre
_dGR-AtMCL
_eAACR2
245 1 _aPractical Media / A Guide to Production Techniques
250 _a1st
260 _bHodder & Stoughton,
_c1994
300 _a232
520 _aA clear, easy-to-use text that shows you how to plan and make audio/ visual productions in a variety of media. Preface, Creating Audio-Visual Productions, Photography, Audio and Radio Techniques, Slide/ Tape Productions, Video and Television Production, Desktop Publishing and Basic Graphic Design and Multimedia, Activities, Resources, Index.
700 1 _aDimbleby Nick
_92413
700 1 _aDimbleby Richard
_92414
700 1 _aWhittington Ken
_92415
942 _cBK
999 _c1844
_d1844